Compter en chiffres romains - 30 secondes de sprint - Statistiques

Statistiques générales
  • Ce quiz a été pris 26 912 fois
  • Le résultat moyen est 20 sur 50
Statistiques - réponses
# % Correct
I
100%
II
100%
III
99%
IV
98%
V
98%
VI
98%
VII
97%
VIII
97%
IX
92%
X
92%
XI
91%
XII
90%
XIII
88%
XIV
81%
XV
79%
XVI
76%
XVII
73%
XVIII
68%
XIX
56%
XX
54%
XXI
48%
XXII
43%
XXIII
37%
XXIV
27%
XXV
22%
XXVI
18%
XXVII
13%
XXVIII
8%
XXIX
5%
XXX
4%
XXXI
3%
XXXII
2%
XXXIII
1%
XXXIV
1%
XXXV
1%
L
0%
XL
0%
XLI
0%
XLII
0%
XLIII
0%
XLIV
0%
XLIX
0%
XLV
0%
XLVI
0%
XLVII
0%
XLVIII
0%
XXXIX
0%
XXXVI
0%
XXXVII
0%
XXXVIII
0%
Aucun quiz correspondant
Distribution des résultats
% des personnes avec chaque résultat
Percentile par nombre de réponses
Votre historique - résultats
Vous n’avez pas pris ce quiz